| 000 | 00458nam a22001817a 4500 | ||
|---|---|---|---|
| 005 | 20230128133630.0 | ||
| 008 | 220225b ||||| |||| 00| 0 eng d | ||
| 020 | _a978-81-7800-289-7 | ||
| 041 | _aeng | ||
| 082 |
_a615.5 _bLYE-P |
||
| 100 |
_aLYENGAR, M.A _97229 |
||
| 245 | _aPHARMACOGNOSY OF POWDERED CRUDE DRUGS | ||
| 250 | _a10TH, ED | ||
| 260 |
_aHYDERABAD _bPHARMA MED PRESS |
||
| 300 | _a62;p | ||
| 650 |
_aPHARMACY _xD.PHARMA _97090 |
||
| 942 | _cBK | ||
| 999 |
_c7979 _d7977 |
||